000 00634nam a2200229Ia 4500
003 OSt
005 20220928102523.0
006 a|||||r|||| 00| 0
007 ta
008 220927b |||||||| |||| 00| 0 eng d
024 _a42799
037 _cTextual
040 _aSDCL
_cSDCL
_beng
041 _2eng
_aeng
082 _aO152,1J32,1:g, L34
100 _aSingh Shambhunath
_9398725
245 0 _aRam charitra manas aur uska maha kavya
260 _aVaransi
_bSamkalin Prakashan
_c1973
300 _a163p.
_ccm.
942 _hO152,1J32,1:g, L34
_cTEXL
_2CC
999 _c714596
_d714596